Saber hacer : cuaderno de procedimientos :
Guardado en:
| Autor Principal: | |
|---|---|
| Formato: | Libro |
| Publicado: |
Buenos Aires :
Estrada,
2015
|
| Series: | Confluencias
|
| Materias: | |
| Etiquetas: |
Agregar Etiqueta
Sin Etiquetas, Sea el primero en etiquetar este registro!
|
| LEADER | 00826nam a22002295a 4500 | ||
|---|---|---|---|
| 001 | CEM.cems018491 | ||
| 005 | 20151023084357.0 | ||
| 008 | 130507s2015##################000#0#####d | ||
| 003 | CEMS | ||
| 020 | |a 9789500117272 | ||
| 082 | 0 | 4 | |a 570 |
| 100 | 1 | |a Martínez Filomeno, María Sandra | |
| 245 | 1 | 0 | |a Saber hacer : |b cuaderno de procedimientos : |c María Sandra Martínez Filomeno |
| 260 | |a Buenos Aires : |b Estrada, |c 2015 | ||
| 300 | |a 48 p. | ||
| 490 | 0 | |a Confluencias | |
| 500 | |a Acompaña al libro de texto Ciencias naturales 2es | ||
| 653 | |a Ciencias naturales | ||
| 653 | |a Estrategias de aprendizaje | ||
| 859 | |a CEMS |b BIB. CEMS - Agricultura |h 570 |i M366 |p A2663.15 |t Ej.1 |v 2 |3 2 | ||
| 859 | |a CEMS |b BIB. CEMS - Agricultura |h 570 |i M366 |p A2664.15 |t Ej.2 |v 2 |3 2 | ||
| 859 | |a CEMS |b BIB. CEMS - Agricultura |h 570 |i M366 |p A2665.15 |t Ej.3 |v 2 |3 2 | ||
